| 000 | 01037nam a2200229 a 4500 | ||
|---|---|---|---|
| 001 | BRCA_160 | ||
| 005 | 20190320202915.0 | ||
| 008 | 920518r19911856mx-a---##b---#001-0#spa-# | ||
| 040 |
_aDLC _cDLC |
||
| 050 | 4 |
_aF1226 _b.B53 1991 |
|
| 100 | 1 |
_aPortilla, Anselmo de la _d1816-1879 _9616 |
|
| 245 | 1 | 0 |
_aHistoria de la revolución de México contra la dictadura del General Santa-Anna, 1853-1855 _cAnselmo de la Portilla ; prólogo de Andrés Henestrosa ; presentación de Francisco de Antuñano Maurer. |
| 260 |
_aMéxico _bBiblioteca Mexicana de la Fundación Miguel Alemán _c1991 |
||
| 300 |
_axxxviii, 335, clviii, 28 p. _bil., [18] hojas de láminas a color, mapas _c24 cm. |
||
| 500 | _aFacsímil de: México : Imprenta de Vicente García Torres, 1856. (edición príncipe) | ||
| 500 | _aIncluye índice onomástico | ||
| 504 | _aBibliografía: p. 36-38 | ||
| 600 | 1 | 4 |
_aSanta Anna, Antonio López de _d1794?-1876 _9617 |
| 651 | 4 |
_aMéxico _xHistoria _y1821-1861 _9618 |
|
| 700 | 1 |
_aAntuñano Maurer, Francisco de _9619 |
|
| 942 |
_2lcc _cB |
||
| 999 |
_c139 _d139 |
||